000
00254nam a22000857a 4500
008
160704b xxu||||| |||| 00| 0 eng d
100
_9
1928
_a
Josephine, Y
245
_a
Globalisation and Challenges for Education
260
_a
New Delhi
_b
Shipra Publication
_c
2003
999
_c
1630
_d
1630